=LDR 00000nam 2200000 4500 =001 INLIS000000000052347 =990 ##$$a 21708412 =005 20180207080232 =990 ##$$a 21708415 =035 ##$$a 0010-0218000043 =990 ##$$a 21708414 =007 ta =990 ##$$a 21708413 =008 180207###########################0###### =990 ##$$a 21708411 =020 ##$$a 978-979-033-937-8 =082 ##$$a 515 =084 ##$$a 515 DAL k =100 #$$a Dale Varberg =245 1#$$a Kalkulus Edisi Kesembilan Jilid 1 /$c Dale Varberg =250 ##$$a cet.1. =260 ##$$a Jakarta :$b Erlangga,$c 2010 =300 ##$$a 407 hlm. : $b ilus, ; $c 28 cm. =650 ##$$a Kalkulus =504 ##$$a Bibliografi : hlm. 408 =990 ##$$a 28352835 =990 ##$$a 28352835 =990 ##$$a 28352835 =990 ##$$a 28352835 =990 ##$$a 28352835 =990 ##$$a 21708411 =990 ##$$a 01201802835 =990 ##$$a 01201802836 =990 ##$$a 01201802837 =990 ##$$a 01201802838 =990 ##$$a 21708412 =990 ##$$a 01201802835 =990 ##$$a 01201802836 =990 ##$$a 01201802837 =990 ##$$a 21708411 =990 ##$$a 21708413 =990 ##$$a 01201802835 =990 ##$$a 01201802836 =990 ##$$a 21708412 =990 ##$$a 21708411 =990 ##$$a 21708414 =990 ##$$a 01201802835 =990 ##$$a 21708413 =990 ##$$a 21708412 =990 ##$$a 21708411 =990 ##$$a 21708415 =990 ##$$a 21708414 =990 ##$$a 21708413 =990 ##$$a 21708412 =990 ##$$a 21708411 =990 ##$$a 21708411 =990 ##$$a 21708415 =990 ##$$a 21708414 =990 ##$$a 21708413 =990 ##$$a 21708412 =990 ##$$a 21708412 =990 ##$$a 21708415 =990 ##$$a 21708414 =990 ##$$a 21708413 =990 ##$$a 21708411 =990 ##$$a 21708412 =990 ##$$a 21708415 =990 ##$$a 21708414 =990 ##$$a 21708413 =990 ##$$a 21708411